000 00399 a2200145 4500
001 169449
020 _a
040 _cMagnum
100 _aLajonquiere, Leandro de
240 1 0 _aDe piaget a freud: a (psico)pedagogia entre o conhecimento e o saber
_lpor
245 1 0 _aDe piaget a freud: a (psico)pedagogia entre o conhecimento e o saber
362 0 _a1899
697 _aPSICOLOGIA
942 _cBK
999 _c169449
_d169449